<?xml version="1.0" encoding="UTF-8"?>
<record
    xmlns:xsi="http://www.w3.org/2001/XMLSchema-instance"
    xsi:schemaLocation="http://www.loc.gov/MARC21/slim http://www.loc.gov/standards/marcxml/schema/MARC21slim.xsd"
    xmlns="http://www.loc.gov/MARC21/slim">

  <leader>02435nam a2200361 u 4500</leader>
  <controlfield tag="001">1175816</controlfield>
  <controlfield tag="005">20260507134820.0</controlfield>
  <controlfield tag="008">091027s2000                        spa  </controlfield>
  <datafield tag="020" ind1=" " ind2=" ">
    <subfield code="a">9788485855926</subfield>
  </datafield>
  <datafield tag="035" ind1=" " ind2=" ">
    <subfield code="a">1175816</subfield>
  </datafield>
  <datafield tag="035" ind1=" " ind2=" ">
    <subfield code="a">(OCoLC)777035650</subfield>
  </datafield>
  <datafield tag="040" ind1=" " ind2=" ">
    <subfield code="c">comduadb</subfield>
  </datafield>
  <datafield tag="041" ind1=" " ind2=" ">
    <subfield code="a">spa</subfield>
  </datafield>
  <datafield tag="080" ind1=" " ind2=" ">
    <subfield code="a">INV</subfield>
  </datafield>
  <datafield tag="082" ind1=" " ind2="4">
    <subfield code="a">338</subfield>
  </datafield>
  <datafield tag="100" ind1="1" ind2="0">
    <subfield code="a">Sala-I-Martin, Xavier</subfield>
    <subfield code="4">aut</subfield>
    <subfield code="e">aut</subfield>
    <subfield code="9">442742</subfield>
  </datafield>
  <datafield tag="245" ind1="1" ind2="0">
    <subfield code="a">Apuntes de crecimiento econ&#xF3;mico</subfield>
  </datafield>
  <datafield tag="250" ind1=" " ind2=" ">
    <subfield code="a">2. edici&#xF3;n</subfield>
  </datafield>
  <datafield tag="260" ind1=" " ind2=" ">
    <subfield code="a">Barcelona :</subfield>
    <subfield code="b">Antoni Bosch,</subfield>
    <subfield code="c">2000.</subfield>
  </datafield>
  <datafield tag="300" ind1=" " ind2=" ">
    <subfield code="a">236 p&#xE1;ginas</subfield>
  </datafield>
  <datafield tag="500" ind1=" " ind2=" ">
    <subfield code="a">GENERAL : El ejemplar de la Biblioteca Central est&#xE1; completo.</subfield>
  </datafield>
  <datafield tag="500" ind1=" " ind2=" ">
    <subfield code="a">El ejemplar 1 (Centro Documentaci&#xF3;n) le faltan las p&#xE1;ginas: 141, 143, 152, 154, 160, 173, 178, 196, 198, 205, 211-212, 215, 217, 220-221, 230.</subfield>
  </datafield>
  <datafield tag="504" ind1=" " ind2=" ">
    <subfield code="a">Incluye referencias bibliogr&#xE1;ficas e &#xED;ndice.</subfield>
  </datafield>
  <datafield tag="505" ind1=" " ind2=" ">
    <subfield code="a">CONTENIDO: 1. El modelo neocl&#xE1;sico de crecimiento de Solow-Swan -- 2. Crecimiento end&#xF3;geno y otras extensiones del modelo de Solow-Swan -- 3. Crecimiento neocl&#xE1;sico: el modelo de Ramsey -- 4. El crecimiento ex&#xF3;geno de la productividad -- 5. Modelos simples de crecimiento end&#xF3;geno: el modelo AK -- 6. Gasto p&#xFA;blico y crecimiento -- 7. El aprendizaje por la pr&#xE1;ctica y el desbordamiento del conocimiento -- 8. La acumulaci&#xF3;n de capital humano -- 9. La econom&#xED;a de las ideas: progreso tecnol&#xF3;gico end&#xF3;geno y crecimiento -- 10. La literatura emp&#xED;rica.</subfield>
  </datafield>
  <datafield tag="520" ind1="3" ind2=" ">
    <subfield code="a">RESUMEN: Estas notas pretenden poner al alcance del estudiante de econom&#xED;a una descripci&#xF3;n razonada del estado actual del pensamiento econ&#xF3;mico en temas de crecimiento.  Se trata de los apuntes de los cursos impartidos por el profesor Sala-i-Mart&#xED;n en las universidades de coumbia, Harvard, Pompeu Fabra y Yale. Por su claridad, concisi&#xF3;n y tambi&#xE9;n por su rabiosa actualidad, se ha convertido en el texto de crecimiento econ&#xF3;mico m&#xE1;s utilizado en las universidades estadounidenses en estos &#xFA;ltimos a&#xF1;os.  La segunda edici&#xF3;n extiende el an&#xE1;lisis del progreso tecnol&#xF3;gico y capital humano e incorpora la evidencia emp&#xED;rica descubierta en los &#xFA;ltimos a&#xF1;os</subfield>
  </datafield>
  <datafield tag="650" ind1=" " ind2="7">
    <subfield code="a">Desarrollo econ&#xF3;mico y social</subfield>
    <subfield code="2">lemb</subfield>
    <subfield code="9">4295</subfield>
  </datafield>
  <datafield tag="650" ind1=" " ind2="7">
    <subfield code="a">Crecimiento econ&#xF3;mico</subfield>
    <subfield code="2">lemb</subfield>
    <subfield code="9">1022</subfield>
  </datafield>
  <datafield tag="650" ind1=" " ind2=" ">
    <subfield code="a">Crecimiento end&#xF3;geno</subfield>
    <subfield code="9">76562</subfield>
  </datafield>
  <datafield tag="650" ind1=" " ind2="7">
    <subfield code="a">Modelos econ&#xF3;micos</subfield>
    <subfield code="2">lemb</subfield>
    <subfield code="9">9415</subfield>
  </datafield>
  <datafield tag="650" ind1=" " ind2="7">
    <subfield code="a">Modelos matem&#xE1;ticos</subfield>
    <subfield code="2">lemb</subfield>
    <subfield code="9">1</subfield>
  </datafield>
  <datafield tag="700" ind1="1" ind2="0">
    <subfield code="a">Vila Artadi, Elsa</subfield>
    <subfield code="4">trl</subfield>
    <subfield code="e">trl</subfield>
    <subfield code="9">816211</subfield>
  </datafield>
  <datafield tag="942" ind1=" " ind2=" ">
    <subfield code="c">BOOK</subfield>
  </datafield>
  <datafield tag="999" ind1=" " ind2=" ">
    <subfield code="c">528635</subfield>
    <subfield code="d">528635</subfield>
  </datafield>
  <datafield tag="952" ind1=" " ind2=" ">
    <subfield code="0">0</subfield>
    <subfield code="1">0</subfield>
    <subfield code="4">0</subfield>
    <subfield code="7">0</subfield>
    <subfield code="8">RESERVA</subfield>
    <subfield code="a">CIE</subfield>
    <subfield code="b">CIE</subfield>
    <subfield code="d">2009-10-27</subfield>
    <subfield code="i">C1071528</subfield>
    <subfield code="l">4</subfield>
    <subfield code="o">INV/32190 2000</subfield>
    <subfield code="p">61000004706893</subfield>
    <subfield code="r">2026-02-10 10:49:36</subfield>
    <subfield code="s">2026-02-05</subfield>
    <subfield code="t">1</subfield>
    <subfield code="w">2023-04-29</subfield>
    <subfield code="y">BOOKI</subfield>
  </datafield>
  <datafield tag="952" ind1=" " ind2=" ">
    <subfield code="0">0</subfield>
    <subfield code="1">0</subfield>
    <subfield code="2">ddc</subfield>
    <subfield code="4">0</subfield>
    <subfield code="7">0</subfield>
    <subfield code="8">GEN</subfield>
    <subfield code="a">BC</subfield>
    <subfield code="b">BC</subfield>
    <subfield code="d">2012-01-18</subfield>
    <subfield code="e">Agapea</subfield>
    <subfield code="g">60947.00</subfield>
    <subfield code="i">C1134426</subfield>
    <subfield code="l">2</subfield>
    <subfield code="o">338.9 S159a</subfield>
    <subfield code="p">806324</subfield>
    <subfield code="r">2025-08-16 14:27:54</subfield>
    <subfield code="s">2025-08-14</subfield>
    <subfield code="t">2</subfield>
    <subfield code="w">2023-04-29</subfield>
    <subfield code="y">BOOK</subfield>
  </datafield>
  <datafield tag="952" ind1=" " ind2=" ">
    <subfield code="0">0</subfield>
    <subfield code="1">0</subfield>
    <subfield code="4">0</subfield>
    <subfield code="7">0</subfield>
    <subfield code="8">RESERVA</subfield>
    <subfield code="a">CIE</subfield>
    <subfield code="b">CIE</subfield>
    <subfield code="d">2021-10-01</subfield>
    <subfield code="i">C13317037</subfield>
    <subfield code="l">11</subfield>
    <subfield code="o">INV/32190 2000 e2</subfield>
    <subfield code="p">61000004745564</subfield>
    <subfield code="r">2026-02-10 08:39:46</subfield>
    <subfield code="s">2026-02-06</subfield>
    <subfield code="t">3</subfield>
    <subfield code="w">2023-04-29</subfield>
    <subfield code="y">BOOKR</subfield>
  </datafield>
</record>
